| 000 | 00626nam a22001937a 4500 | ||
|---|---|---|---|
| 005 | 20251108173252.0 | ||
| 008 | 250721s2006 xx 000 0 ara d | ||
| 082 | 1 | 4 | _a615.89/ابرا |
| 100 | 1 | _aإبراهيم، موسى | |
| 245 | 1 | 0 | _aالعلاج بالعنب شرح وافي لفوائد العنب مع الصور التوضيحية / |
| 264 | 1 |
_aعمان : _bدار الوضاح للنشر والتوزيع، _c2006. |
|
| 300 | _a80ص | ||
| 650 | 1 | 7 | _aالطب الشعبي |
| 650 | 1 | 7 | _aالنباتات الطبية |
| 650 | 1 | 7 | _aالعنب |
| 650 | 1 | 7 | _aالفواكة |
| 942 |
_2ddc _cBK |
||
| 999 |
_c99964 _d99964 |
||